Statistics for Top 10 Philadelphia 76ers NBA Starters

Click here to take the quiz!

General Stats

  • This quiz has been taken 127 times
  • The average score is 11 of 31

Answer Stats

TeamPlayer% Correct
2000-01Allen Iverson
94%
1976-77, 1979-80, 1980-81, 1981-82, 1982-83Julius Erving
92%
1982-83Moses Malone
88%
1966-67Wilt Chamberlain
83%
1966-67Hal Greer
75%
2000-01Dikembe Mutombo
73%
1979-80, 1980-81, 1981-82, 1982-83Maurice Cheeks
66%
1949-50, 1953-54, 1954-55Dolph Schayes
64%
2000-01Eric Snow
61%
1981-82Bobby Jones
58%
1976-77, 1979-80, 1980-81, 1981-82Caldwell Jones
58%
1966-67Wali Jones
58%
1979-80, 1980-81Darryl Dawkins
39%
1980-81, 1982-83Andrew Toney
32%
2000-01Tyrone Hill
30%
1966-67Luke Jackson
29%
1966-67Chet Walker
21%
1976-77George McGinnis
21%
1982-83Marc Iavaroni
18%
2000-01George Lynch
15%
1976-77Doug Collins
14%
1976-77Henry Bibby
9%
1953-54, 1954-55George King
7%
1949-50, 1953-54, 1954-55Paul Seymour
7%
1979-80, 1981-82Lionel Hollins
4%
1954-55Red Rocha
4%
1949-50Al Cervi
3%
1949-50Bill Gabor
0%
1953-54, 1954-55Earl Lloyd
0%
1949-50George Ratkovicz
0%
1953-54Wally Osterkorn
0%

Score Distribution

Percentile by Number Answered

Percent of People with Each Score

Your Score History

You have not taken this quiz